UBT Library

Peter, the revolutionary tsar, (Record no. 39318)

000 -LEADER
fixed length control field 00679cam a2200253 4500
001 - CONTROL NUMBER
control field 378313
005 - DATE AND TIME OF LATEST TRANSACTION
control field 20171222041653.0
008 - FIXED-LENGTH DATA ELEMENTS--GENERAL INFORMATION
fixed length control field 730117s1973 nyua b 001 0beng
010 ## - LIBRARY OF CONGRESS CONTROL NUMBER
LC control number 78105488
020 ## - INTERNATIONAL STANDARD BOOK NUMBER
International Standard Book Number 0060247797
-- 0060247800 (lib. ed.)
040 ## - CATALOGING SOURCE
Original cataloging agency DLC
Transcribing agency DLC
Modifying agency DLC
041 ## - LANGUAGE CODE
Language code of text/sound track or separate title eng
042 ## - AUTHENTICATION CODE
Authentication code lcac
043 ## - GEOGRAPHIC AREA CODE
Geographic area code e-ur---
080 ## - UNIVERSAL DECIMAL CLASSIFICATION NUMBER
Universal Decimal Classification number 947.05
082 00 - DEWEY DECIMAL CLASSIFICATION NUMBER
Classification number 947.05 PUT
-- B
-- 92
100 1# - Rafti
Rafti 17
101 ## - Shkurtesa
Shkurtesa HIS
245 10 - TITLE STATEMENT
Title Peter, the revolutionary tsar,
Statement of responsibility, etc by Peter Brock Putnam. Maps and illus. by Laszlo Kubinyi.
350 ## - PRICE (NR) (BK AM CF MU VM SE) [OBSOLETE]
Price $7.95
504 ## - BIBLIOGRAPHY, ETC. NOTE
Bibliography, etc Bibliography: p. [255]-259.
906 ## - LOCAL DATA ELEMENT F, LDF (RLIN)
a 7
b cbc
c orignew
d 1
e ncip
f 19
g y-gencatlg
942 ## - ADDED ENTRY ELEMENTS (KOHA)
Source of classification or shelving scheme
Item type Books
Holdings
Withdrawn status Lost status Source of classification or shelving scheme Damaged status Not for loan Collection code Permanent location Current location Shelving location Date acquired Total Checkouts Full call number Barcode Date last seen Price effective from Koha item type
          Koleksioni i përgjithshem UBT - Lipjan UBT - Lipjan Koleksioni i lëndeve mesimore 12/22/2017   947.05 PUT 002-29941 12/22/2017 12/22/2017 Books
UBT Library © 2015-2024. All rights reserved University Education for Business and Technology